| 000 | 00964akm a2200373 4500 | ||
|---|---|---|---|
| 008 | 230310s2022 | ||cat d | ||
| 017 | _aT-62-2021 | ||
| 041 | _acat | ||
| 041 | _beng | ||
| 041 | _bspa | ||
| 080 | _a582.093(038) | ||
| 100 |
_aLlobet i François, Toni _967485 |
||
| 245 |
_a101 arbusts, lianes i altres enfiladisses de Catalunya que cal conèixer _h[tríptic] _cToni Llobet; David Carrera |
||
| 260 |
_aBarcelona _bOryx |
||
| 260 |
_aValls _bCossetània _c2021 |
||
| 300 |
_a1 desplegable _bil. |
||
| 365 | _b5 | ||
| 365 | _ceuros | ||
| 500 | _aNom científic | ||
| 520 | _a101 | ||
| 522 | _aCatalunya | ||
| 546 | _acatalà | ||
| 591 | _a8245 | ||
| 592 | _aObra terminològica | ||
| 593 | _aDF | ||
| 594 | _a8245 | ||
| 650 | 0 |
_aarbustos _969251 |
|
| 650 | 0 |
_abotànica _961048 |
|
| 700 |
_aCarrera, David _975333 |
||
| 901 | _cDL <2021> | ||
| 942 |
_cMO _n0 _2ddc |
||
| 999 |
_c68604 _d68604 |
||